000 00903nam a2200289 a 4500
001 25575
003 BD-RjUL
005 20211209050910.0
008 140318s1993 nyua b 001 0 eng
020 _a0393962873 (v.1,hbk)
020 _a0393962881 (v.1,pbk)
020 _a039396289X (v.2,hbk)
020 _a0393962903 (v.2,pbk)
035 _a(BD-RjUL)25645
040 _aDLC
_beng
_cDLC
_dBD-RjUL
041 _aeng
082 0 4 _a810.8
_bNOT 1993
_220
245 0 4 _aThe Norton anthology of English literature /
_cM.H. Abrams, general ed
_nVolume-2
250 _a6th ed.
260 _aNew York :
_bNorton,
_cc1993
300 _aV-2 (xli, 2543 p.) :
_bill., end paper maps ;
_c22 cm.
504 _aIncludes bibliographical reference and indexes.
650 0 _aEnglish literature
_978635
700 1 _aAbrams, M. H.
_q(Meyer Howard),
_d1912-
_954991
942 _2ddc
_cBK
999 _c25575
_d25575